Duitse steden met meer dan 100.000 inwoners - Statistieken

Algemene statistieken
  • Deze quiz is 285 keer genomen
  • De gemiddelde score is 46 van 79
Antwoordstatistieken
Inwoners Antwoord % Correct
3.620.031 Berlijn
100%
1.787.408 Hamburg
100%
1.450.381 München
100%
732.688 Frankfurt am Main
94%
1.060.582 Keulen
94%
586.181 Dortmund
93%
612.178 Düsseldorf
91%
560.472 Leipzig
91%
623.738 Stuttgart
89%
532.163 Hannover
88%
582.624 Essen
87%
543.825 Dresden
86%
557.464 Bremen
85%
246.306 Kiel
82%
509.975 Neurenberg
80%
318.809 Bonn
75%
245.885 Aken
73%
226.393 Freiburg
73%
209.779 Mainz
72%
305.780 Mannheim
71%
260.368 Gelsenkirchen
70%
491.231 Duisburg
69%
178.151 Saarbrücken
69%
286.374 Augsburg
68%
310.039 Münster
68%
206.011 Rostock
68%
167.745 Potsdam
65%
333.090 Bielefeld
64%
162.403 Osnabrück
64%
210.118 Erfurt
62%
307.755 Karlsruhe
62%
364.742 Bochum
61%
197.984 Kassel
61%
216.253 Lübeck
61%
114.914 Trier
61%
276.218 Wiesbaden
61%
124.045 Wolfsburg
61%
350.046 Wuppertal
61%
112.586 Koblenz
57%
145.465 Regensburg
57%
155.353 Darmstadt
56%
259.996 Mönchengladbach
56%
251.364 Braunschweig
55%
248.645 Chemnitz
55%
163.487 Leverkusen
55%
210.934 Oberhausen
55%
235.723 Magdeburg
54%
122.636 Ulm
54%
124.873 Würzburg
50%
236.991 Halle
49%
225.144 Krefeld
49%
114.025 Bremerhaven
48%
163.830 Oldenburg
48%
156.267 Heidelberg
47%
132.438 Ingolstadt
47%
148.126 Paderborn
45%
179.397 Hamm
44%
109.527 Jena
44%
124.171 Fürth
43%
155.414 Neuss
40%
122.567 Heilbronn
39%
164.718 Ludwigshafen
39%
158.726 Solingen
39%
189.044 Hagen
38%
118.914 Göttingen
36%
123.734 Offenbach
36%
101.667 Hildesheim
35%
117.143 Bottrop
34%
114.330 Recklinghausen
34%
169.278 Mülheim
33%
108.336 Erlangen
32%
122.247 Pforzheim
31%
102.355 Siegen
31%
104.529 Moers
26%
114.310 Reutlingen
25%
101.667 Salzgitter
25%
155.851 Herne
23%
109.527 Remscheid
23%
111.366 Bergisch Gladbach
21%
Geen overeenkomende quizzen gevonden
Scoreverdeling
Procent van Mensen met Elke Score
Percentiel versus Aantal Correcte Antwoorden
Uw Scoregeschiedenis
U heeft deze quiz nog niet genomen